02779cam a2200361Ii 4500999001700000001000900017003000900026005001700035008004100052020001800093035002400111040013000135082001900265100002600284245004600310250002000356264004100376300002800417336002600445337002800471338002700499504005100526505032500577520095400902650004101856650002601897653002501923655002101948942001301969952014501982952014502127952014502272 c28174d2814514601004EG-ScBUE20200224141832.0180502s2018 enk f b 001 0 eng d a9781137446534 a(OCoLC)on1033599304 aTULIBbengerdacTULIBdTULIBdYDXdOCLCOdL2UdOCLCFdFIEdCHVBKdOCLCOdU3GdAU@dVRCdUKMGBdOCLCQdIEUOLdOCLCAdEG-ScBUE04a302.2bFLE2221 aFlew, Terry,eauthor.10aUnderstanding global media /cTerry Flew. aSecond edition. 1aLondon :bPalgrave Macmillan,c2018. axii, 227 pages ;c24 cm atextbtxt2rdacontent aunmediatedbn2rdamedia avolumebnc2rdacarrier aIncludes bibliographical references and index.0 a1. Introduction to global media: key concepts -- 2. Modernization theories and development communication -- 3. Critical political economy -- 4. Globalization theories -- 5. The changing geography of global media production -- 6. Global media cultures -- 7. Globalization, nation-states and media policy -- 8. Conclusion. aThis key textbook provides a comprehensive and up-to-date account of developments in international communication worldwide. Taking a comparative approach to the major theories of global media, Terry Flew looks at the rise of global media production networks and the emergence of 'media cities', multiculturalism, and the question of a global media culture. This engaging book raises the question of whether we are now in a 'post-global' age, and discusses whether there is a stable global communications order, or instead a stage of increased competition among digital and traditional media, and between the US and emergent powers such as China. Drawing on a wide range of perspectives, and written by a renowned author, this is an essential introduction for undergraduate and postgraduate students of media studies, communication studies and cultural studies, and anyone interested in the study of media and globalization.--cProvided by Publisher. 7aCommunication, International.2BUEsh 7aGlobalization.2BUEsh bCOMAMEcFebruary2020 vText book934232 2ddccTXT 00102ddc40708BaccahaMAINbMAINc1STd2020-02-24ePurchaseg725.00l0o302.2 FLEp000048834r2025-07-15 00:00:00v906.25w2020-02-24yNB 00102ddc40708BaccahaMAINbMAINc1STd2020-02-24ePurchaseg725.00l0o302.2 FLEp000048833r2025-07-15 00:00:00v906.25w2020-02-24yBB 00102ddc40708BaccahaMAINbMAINc1STd2020-02-24ePurchaseg725.00l0o302.2 FLEp000048832r2025-07-15 00:00:00v906.25w2020-02-24yBB